Mujeres como islas II : antología de poetas cubanas, dominicanas y puertorriqueñas. (Record no. 48634)
[ view plain ]
| 000 -CABECERA | |
|---|---|
| campo de control de longitud fija | 00384nam a2200121 a 4500 |
| 005 - FECHA Y HORA DE LA ÚLTIMA TRANSACCIÓN | |
| campo de control | 20201002061706.0 |
| 008 - DATOS DE LONGITUD FIJA--INFORMACIÓN GENERAL | |
| campo de control de longitud fija | 190723s2011 000 spa d |
| 020 ## - NÚMERO INTERNACIONAL ESTÁNDAR DEL LIBRO | |
| Número Internacional Estándar del Libro | 9785953080248 |
| 040 ## - FUENTE DE LA CATALOGACIÓN | |
| Centro catalogador/agencia de origen | DO-SdBNP |
| 100 ## - ENTRADA PRINCIPAL--NOMBRE DE PERSONA | |
| Nombre de persona | García Lorenzo, Gelsys M. |
| 9 (RLIN) | 76491 |
| 245 #0 - MENCIÓN DE TÍTULO | |
| Título | Mujeres como islas II : antología de poetas cubanas, dominicanas y puertorriqueñas. |
| 260 ## - PUBLICACIÓN, DISTRIBUCIÓN, ETC. | |
| Lugar de publicación, distribución, etc. | La Habana, Cuba, |
| Fecha de publicación, distribución, etc. | 2011. |
No items available.
